000 00823nam a22002177a 4500
999 _c4172
_d4172
003 AR-CdUCM
008 190308b ||||| |||| 00| 0 spa d
020 _a84-8387-035-5
040 _aMUNICIPALIDAD PROVINCIAL DEL CUSCO
_cBIBLIOTECA MUNICIPAL DEL CUSCO
082 _a792.9856 /
_bIT87
100 _aItier, César
_97767
245 _aEl Teatro Quechua en el Cuzco :
_bDramas y Comedias de Nemesia Zuñiga Cazorla Qurich'uspa (1934) ; Katacha (1930) /
260 _aCusco :
_bCentro de Estudios Regionales Andinos "Bartolome de las Casas" ,
_c1995.
300 _a400 páginas ;
_c24 cm.
_eIlustraciones Fotograficas.
500 _aTeatro Quechua en el Cusco
650 _aTeatro Cusqueño
_913217
650 _aPuesta Escenica
_913096
650 _aDrama y Comedia Teatral
_913218
942 _2ddc
_cLIBROS
945 _artm